| 000 | 00490nam a2200181Ia 4500 | ||
|---|---|---|---|
| 005 | 20250326130029.0 | ||
| 008 | 250326s9999 xx 000 0 und d | ||
| 037 | _aTextbook | ||
| 040 |
_aFMSL _beng _cFMSL |
||
| 041 |
_aeng _2eng |
||
| 084 |
_aB2893 N1 _qFMSL |
||
| 100 |
_aJohnson R J _9286663 |
||
| 245 | 0 |
_aExecutive decisions _cJohnson R J |
|
| 260 |
_aBombay _bBombay, D B Taraforevala _c1971 |
||
| 300 | _a412p | ||
| 942 |
_cTB _hB2893 N1 |
||
| 999 |
_c1280622 _d1280622 |
||